000
00208nam a2200097Ia 4500
008
190216s9999||||xx |||||||||||||| ||und||
100
_a
Muhamed K T
245
0
_a
Njanpeedikkunnu
260
_b
Null
942
_c
BK
999
_c
23581
_d
23581